000 00610nam a2200157 4500
001 126736
003 ES-MaACL
005 20230906192853.0
007 t|
008 070214s1974 sp r ||||1| spa d
245 0 0 _aResúmenes comparativos de ingresos y pagos, por recursos y obligaciones presupuestos
_b: (artículo 80, Ley Administración y Contabilidad).
260 _aMadrid :
_bIntervención General de la Administración del Estado,
_c1974.
300 _a14 h. ;
_c25 cm.
710 2 _aEspaña.
_bIntervención General de la Administración del Estado.
_93813
852 _aES-MaACL
_j2069-F-24
_bR.92014
999 _c126736
_d126736